Las normas contables profesionales y los costos (Registro nro. 17642)

Detalles MARC
000 -LEADER
fixed length control field 00341 a2200109 4500
001 - CONTROL NUMBER
control field ART_29458
005 - DATE AND TIME OF LATEST TRANSACTION
control field 20260410161729.0
008 - FIXED-LENGTH DATA ELEMENTS--GENERAL INFORMATION
fixed length control field 260409a
100 1# - MAIN ENTRY--PERSONAL NAME
Personal name Demonte, Norberto Gabriel
245 10 - TITLE STATEMENT
Title Las normas contables profesionales y los costos
773 0# - HOST ITEM ENTRY
Title Ciencias económicas
Related parts - Año 2, Vol. 2 (jul. 2000)
Record control number REV2567

No hay ítems disponibles.